Cinq tragédies / (Record no. 106602)

MARC details
000 -LEADER
campo de control de longitud fija 00861nam a2200229 i 4500
001 - NÚMERO DE CONTROL
campo de control 106602
003 - IDENTIFICADOR DE NÚMERO DE CONTROL
campo de control ES-MaACL
005 - FECHA Y HORA DE LA ÚLTIMA TRANSACCIÓN
campo de control 20230906184220.0
007 - CAMPO FIJO DE DESCRIPCIÓN FÍSICA--INFORMACIÓN GENERAL
campo de control de longitud fija t|
008 - DATOS DE LONGITUD FIJA--INFORMACIÓN GENERAL
campo de control de longitud fija 061205s1969 fr ||||1| fre d
080 ## - NÚMERO DE LA CLASIFICACIÓN DECIMAL UNIVERSAL
Número de la Clasificación Decimal Universal 821.112.5-2"17"
100 1# - ENTRADA PRINCIPAL--NOMBRE DE PERSONA
Nombre de persona Vondel, Joost van den.
9 (RLIN) 115732
245 10 - MENCIÓN DEL TÍTULO
Título Cinq tragédies /
Mención de responsabilidad, etc. Joost van den Vondel ; notice biographique et notes, traduction vers par vers dans les rythmes originaux par Jean Stals.
260 ## - PUBLICACIÓN, DISTRIBUCIÓN, ETC.
Lugar de publicación, distribución, etc. Paris :
Nombre del editor, distribuidor, etc. Didier,
Fecha de publicación, distribución, etc. 1969.
300 ## - DESCRIPCIÓN FÍSICA
Extensión 464 p. :
Otras características físicas 1 retr. autor ;
Dimensiones 24 cm.
490 1# - MENCIÓN DE SERIE
Mención de serie Collection Unesco d'oeuvres représentatives. Série européenne
500 ## - NOTA GENERAL
Nota general Biblioteca Jacinto Martínez Lacalle.
700 1# - ENTRADA AGREGADA--NOMBRE PERSONAL
Nombre de persona Stals, Jean.
9 (RLIN) 107868
830 0# - PUNTO DE ACCESO ADICIONAL DE SERIE-TÍTULO UNIFORME
Título uniforme Collection Unesco d'oeuvres représentatives. Série européenne
9 (RLIN) 232848
852 ## - LOCALIZACIÓN
Ubicación ES-MaACL
Número de control de estantería E-11423
Sublocalización o colección R.138943
Holdings
Estatus retirado Estado de pérdida Estado de daño No para préstamo Biblioteca de origen Biblioteca actual Ubicación en estantería Fecha de adquisición Fuente de adquisición Total de préstamos Signatura topográfica completa Código de barras Visto por última vez Precio de reemplazo Tipo de ítem Koha
        Biblioteca del Ateneo de Madrid Biblioteca del Ateneo de Madrid Depósito 2 17/01/2008     E-11423 1111274 23/02/2023 23/02/2023 Libro impreso